<?xml version="1.0" encoding="UTF-8"?>
<record
    xmlns:xsi="http://www.w3.org/2001/XMLSchema-instance"
    xsi:schemaLocation="http://www.loc.gov/MARC21/slim http://www.loc.gov/standards/marcxml/schema/MARC21slim.xsd"
    xmlns="http://www.loc.gov/MARC21/slim">

  <leader>02038    a2200217   4500</leader>
  <controlfield tag="001">25232</controlfield>
  <controlfield tag="005">20260407155536.0</controlfield>
  <controlfield tag="008">260407a1992    arg                 spa d</controlfield>
  <controlfield tag="003">AR-UNSa-BCEJYS</controlfield>
  <datafield tag="040" ind1=" " ind2=" ">
    <subfield code="a">AR-UNSa-BCEJYS</subfield>
    <subfield code="b">spa</subfield>
    <subfield code="c">AR-UNSa-BCEJYS</subfield>
  </datafield>
  <datafield tag="080" ind1=" " ind2=" ">
    <subfield code="a">336.225.3</subfield>
    <subfield code="x">Sujetos de tributaci&#xF3;n. Personas u organismos. Contribuyentes</subfield>
  </datafield>
  <datafield tag="245" ind1="1" ind2="0">
    <subfield code="a">Presi&#xF3;n fiscal e inconstitucionalidad</subfield>
    <subfield code="p">(las garant&#xED;as constitucionales ante la presi&#xF3;n del conjunto de tributos que recaen sobre el sujeto contribuyente)</subfield>
  </datafield>
  <datafield tag="020" ind1=" " ind2=" ">
    <subfield code="a">950-14-0651-2</subfield>
  </datafield>
  <datafield tag="264" ind1=" " ind2="1">
    <subfield code="a">Buenos Aires :</subfield>
    <subfield code="b">Depalma</subfield>
    <subfield code="c">1992</subfield>
  </datafield>
  <datafield tag="300" ind1=" " ind2=" ">
    <subfield code="a">278 p.</subfield>
    <subfield code="c">23 cm.</subfield>
  </datafield>
  <datafield tag="505" ind1=" " ind2=" ">
    <subfield code="a">1. De las XIV jornadas latinoamericanas de derecho tributario y su temario - 2. De la introducci&#xF3;n al informe nacional - 3. De la supremac&#xED;a de la constituci&#xF3;n y del rol del poder judicial - 4. De la parte dogm&#xE1;tica de la constituci&#xF3;n y de los derechos y garant&#xED;as de los contribuyentes - 5. Garant&#xED;as constitucionales comprometidas por extralimitaci&#xF3;n en la intensidad de la presi&#xF3;n tributaria conforme a la jurisprudencia de la corte suprema de justicia de la Naci&#xF3;n computando un solo tributo sobre una &#xFA;nica manifestaci&#xF3;n de riqueza - 6. De los casos en que no ha prosperado la impugnaci&#xF3;n constitucional de tributos a pesar de su monto, de la presi&#xF3;n tributaria a que conduc&#xED;an o de las carcter&#xED;sticas de su aplicaci&#xF3;n - 7. De una nueva perspectiva jurisprudencial invalidante de los desbordes tributarios - 8. De la propuestas del informe nacional - 9. De algunas reflexiones sobre la gestaci&#xF3;n, redacci&#xF3;n y consenso por los considerandos y recomendaciones de las jornadas - 10. Una trascendente modificaci&#xF3;n en la doctrina de la corte suprema de justicia de la naci&#xF3;n sobre la naturlaeza jur&#xED;dica de los municipios de provincia y sus posibles implicancias en el campo tributario.</subfield>
  </datafield>
  <datafield tag="942" ind1=" " ind2=" ">
    <subfield code="c">BK</subfield>
  </datafield>
  <datafield tag="590" ind1=" " ind2=" ">
    <subfield code="a">niveau_biblio:m niveau_hierar:0</subfield>
  </datafield>
  <datafield tag="100" ind1="1" ind2=" ">
    <subfield code="a">Cas&#xE1;s, Jos&#xE9; Osvaldo</subfield>
  </datafield>
  <datafield tag="856" ind1="4" ind2="1">
    <subfield code="u">https://biblioeco.unsa.edu.ar/pmb/images/libros/L58775.jpg</subfield>
    <subfield code="y">Imagen de portada</subfield>
    <subfield code="q">image/jpeg</subfield>
  </datafield>
  <datafield tag="999" ind1=" " ind2=" ">
    <subfield code="c">1339</subfield>
    <subfield code="d">1339</subfield>
  </datafield>
  <datafield tag="952" ind1=" " ind2=" ">
    <subfield code="0">0</subfield>
    <subfield code="1">0</subfield>
    <subfield code="4">0</subfield>
    <subfield code="7">0</subfield>
    <subfield code="a">BCEJYS</subfield>
    <subfield code="b">BCEJYS</subfield>
    <subfield code="c">16</subfield>
    <subfield code="d">2026-04-07</subfield>
    <subfield code="l">0</subfield>
    <subfield code="o">336.225.3 C334</subfield>
    <subfield code="p">L58775</subfield>
    <subfield code="r">2026-04-07 15:55:36</subfield>
    <subfield code="w">2026-04-07</subfield>
    <subfield code="y">L</subfield>
  </datafield>
</record>
